Historia breve de la poética
Enregistré dans:
| Auteur principal: | |
|---|---|
| Format: | Livre |
| Langue: | espagnol |
| Publié: |
Madrid
Síntesis
1997
|
| Collection: | Teoría de la Literatura y Literatura Comparada
|
| Sujets: | |
| Tags: |
Ajouter un tag
Pas de tags, Soyez le premier à ajouter un tag!
|
MARC
| LEADER | 00000nam a2200000 a 4500 | ||
|---|---|---|---|
| 001 | UCL8107 | ||
| 003 | CL-VaPUC | ||
| 008 | 040611e19970000SP |||||||||||||||||spa|d | ||
| 020 | |a 8477384789 | ||
| 082 | 0 | 4 | |a 809.1 |b DOL |2 21 |
| 100 | |a Doležel, Lubomír |e autor |9 486060 | ||
| 245 | 1 | 0 | |a Historia breve de la poética |
| 300 | |a 268 p | ||
| 942 | |c BK | ||
| 945 | |d 20040611 00:00:00 |a cmena | ||
| 260 | |a Madrid |b Síntesis |c 1997 | ||
| 650 | 0 | |a Poesía |9 265825 | |
| 650 | 0 | |a Historia y crítica |9 257407 | |
| 650 | 0 | |a Poética |9 266624 | |
| 583 | |a last modification |c 20040611 00:00:00 |k Rodrigo Vera | ||
| 490 | 0 | |a Teoría de la Literatura y Literatura Comparada | |
| 999 | |c 309564 |d 309562 | ||
| 952 | |0 0 |1 0 |4 0 |6 809_100000000000000_DOL_1997 |7 0 |8 A |9 377086 |a BIBEDU |b BIBGIM |d 2019-11-21 |i 4022211 |l 1 |o 809.1 DOL 1997 |p 4022211 |q 2010-09-16 |r 2020-08-03 |s 2020-08-03 |w 2019-11-21 |y BK |k LIT | ||